La entrevista en el trabajo social
Salvato in:
| Autore principale: | |
|---|---|
| Natura: | Libro |
| Lingua: | spagnolo |
| Pubblicazione: |
Barcelona
Euge
1993
|
| Serie: | Colección Euge, 5
|
| Soggetti: | |
| Tags: |
Aggiungi Tag
Nessun Tag, puoi essere il primo ad aggiungerne!!
|
MARC
| LEADER | 00000nam a2200000 a 4500 | ||
|---|---|---|---|
| 001 | UCY0622 | ||
| 003 | CL-VaPUC | ||
| 008 | 940809e19930000SP |||||||||||||||||spa|d | ||
| 082 | 0 | 4 | |a 361.322 |b ROS |2 21 |
| 100 | 0 | |a Rossell, Teresa |e author |9 328406 | |
| 245 | 1 | 3 | |a La entrevista en el trabajo social |
| 300 | |a 208 p | ||
| 942 | |c BK | ||
| 945 | |d 19940809 00:00:00 |a rbrito | ||
| 260 | |a Barcelona |b Euge |c 1993 | ||
| 650 | 7 | |a ENTREVISTA |2 CL-VaPUC |9 322146 | |
| 650 | 7 | |a TRABAJO SOCIAL CASOS |2 CL-VaPUC |9 328407 | |
| 583 | |a last modification |c 19940809 00:00:00 |k Rodrigo Vera | ||
| 490 | 0 | |a Colección Euge, 5 | |
| 999 | |c 229584 |d 229582 | ||
| 952 | |0 0 |1 0 |4 0 |6 361_322000000000000_ROS_1993 |7 0 |8 A |9 230881 |a BIBGIM |b BIBGIM |d 2019-11-15 |i 300256K |o 361.322 ROS 1993 |p 300256K |r 2025-01-15 |w 2019-11-15 |y BK |k SSL | ||